00766nam a2200217Ii 45000010005000000030009000050080041000140400033000550410008000880840012000961000031001082450058001392640060001973000012002573360026002693370028002953380027003239400050003509990017004009520131004175785CO-ViMGA241108s9999||||xx |||||||||||||| ||und|| aCO-ViMGAbspaerdacCO-ViMGA0 aunk aT GON3t1 aFernando González94682410aLa tragicomedia del Padre Elías y Martina la Velera 1a[Lugar de publicación no identificado] : Bedout, 1962 avolumen atextbtxt2rdacontent aunmediatedbn2rdamedia avolumebnc2rdacarrier aidficha_siabuc: 5639. -- ficha_no_siabuc:5785 c51549d51549 001040708012aMEVIGERRbMEVIGERRcLITd2006-11-27oT GON3tpECA4986r2024-11-26 10:02:54tEj.1w2024-11-26yBKz5639 | 7899